Estadísticas para Adivina el director por su pelicula

Haz click aquí para intentar la prueba.

Estadísticas generales

  • Esta prueba ha sido intentada 117 veces
  • La puntuación promedio es 5 de 15

Estadísticas de respuestas

HintRespuesta% Correcto
Inglourious BasterdsQuentin Tarantino
86%
Taxi DriverMartin Scorsese
78%
InterstellarChristopher Nolan
70%
Jurassic Park (1993)Steven Spielberg
52%
Gone GirlDavid Fincher
47%
Million Dollar BabyClint Eastwood
40%
The Grand Budapest HotelWes Anderson
33%
WiplashDamien Chazelle
29%
American BeutySam Mendes
16%
Get OutJordan Peele
15%
Black SwanDarren Aronofsky
11%
The Sixth SenseMr Night Shyamalan
10%
ViceAdam McKay
7%
Lady BirdGreta Gerwin
7%
Do The Right ThingSpike Lee
7%

Distribución de puntuación

Porcentaje por número respondido

Porcentaje de gente con cada puntuación

Historial de tus puntuaciones

No has intentado esta prueba.